000 00424nam a2200157Ia 4500
003 GCL
008 140319s9999 xx 000 0 ara d
040 _aGCL /
_cGCL
082 0 4 _aد
_b050
100 1 _aمحمود الشرقاوى
245 1 0 _aالمجتمع العربى ( اقرا 225 ) /
_cمحمود الشرقاوى
300 _a96
490 _aاقرأ
_v0
650 0 4 _aالوطن العربى
942 _2ddc
_cBK
999 _c48721
_d48721